Satyagraha: itihasa mattu tantra (Record no. 143067)

MARC details
000 -LEADER
fixed length control field 00686nam a2200229Ia 4500
003 - CONTROL NUMBER IDENTIFIER
control field OSt
005 - DATE AND TIME OF LATEST TRANSACTION
control field 20260207114341.0
008 - FIXED-LENGTH DATA ELEMENTS--GENERAL INFORMATION
fixed length control field 210210b1945 xxu||||| |||| 00| 0 eng d
040 ## - CATALOGING SOURCE
Transcribing agency AL
041 ## - LANGUAGE CODE
Language code of text/sound track or separate title Kannada
082 ## - DEWEY DECIMAL CLASSIFICATION NUMBER
Classification number 852/450
100 ## - MAIN ENTRY--PERSONAL NAME
Personal name RANGANATHA DIVAKARA
Dates associated with a name ರಂಗನಾಥ ದಿವಾಕರ
9 (RLIN) 253935
245 ## - TITLE STATEMENT
Title Satyagraha: itihasa mattu tantra
Remainder of title ಸತ್ಯಾಗ್ರಹ: ಇತಿಹಾಸ ಮತ್ತು ತಂತ್ರ
260 ## - PUBLICATION, DISTRIBUTION, ETC.
Place of publication, distribution, etc. HubbaLLi
Name of publisher, distributor, etc. -
Date of publication, distribution, etc. 1945
650 ## - SUBJECT ADDED ENTRY--TOPICAL TERM
Topical term or geographic name entry element tantra
9 (RLIN) 253936
650 ## - SUBJECT ADDED ENTRY--TOPICAL TERM
Topical term or geographic name entry element SatyAgraha:
9 (RLIN) 253937
650 ## - SUBJECT ADDED ENTRY--TOPICAL TERM
Topical term or geographic name entry element mattu
9 (RLIN) 253938
650 ## - SUBJECT ADDED ENTRY--TOPICAL TERM
Topical term or geographic name entry element itihAsa
9 (RLIN) 253939
690 ## - LOCAL SUBJECT ADDED ENTRY--TOPICAL TERM (OCLC, RLIN)
Topical term or geographic name as entry element Kannada Prose
9 (RLIN) 253940
906 ## - LOCAL DATA ELEMENT F, LDF (RLIN)
a 019016
942 ## - ADDED ENTRY ELEMENTS (KOHA)
Source of classification or shelving scheme Dewey Decimal Classification
Koha item type Book
Holdings
Withdrawn status Lost status Source of classification or shelving scheme Damaged status Not for loan Collection code Home library Current library Shelving location Date acquired Cost, normal purchase price Total Checkouts Full call number Barcode Date last seen Price effective from Koha item type
    Dewey Decimal Classification     Kannada St Aloysius Library St Aloysius Library   02/17/2021 0.00   852/450 019016 02/17/2021 02/17/2021 Book